Marketingové trendy 2025: od predikce k preskripci úspěchu

Analýza v marketingovom výskum - preskriptívna analýza. Marketingové trendy roku 2025 - umelá inteligencia, hlasové vyhľadávanie, krátke formáty videa, video streaming a živé vysielania, personlizácia obsahu, kontextuálne doporučovacie systémy, plynulé transakcie a bezkontaktné platby, virtuálne obc...

Descrizione completa

Salvato in:
Dettagli Bibliografici
Autore principale: Knihová, Ladislava
Natura: Capitolo di libro
Lingua:ceco
Soggetti:
Tags: Aggiungi Tag
Nessun Tag, puoi essere il primo ad aggiungerne!!

MARC

LEADER 00000naa a2200000 4500
001 0306000
005 20250109123609.4
041 0 |a cze 
044 |a CZ 
245 1 0 |a Marketingové trendy 2025: od predikce k preskripci úspěchu  |c Ladislava Knihová 
520 |a Analýza v marketingovom výskum - preskriptívna analýza. Marketingové trendy roku 2025 - umelá inteligencia, hlasové vyhľadávanie, krátke formáty videa, video streaming a živé vysielania, personlizácia obsahu, kontextuálne doporučovacie systémy, plynulé transakcie a bezkontaktné platby, virtuálne obchody, nakupovateľný obsah, virtuálni influenceri a VR, AR a XR. 
610 2 0 |a marketing 
610 2 0 |a nástroje marketingové 
610 2 0 |a výskum marketingový 
100 1 |a Knihová, Ladislava